Historia de la URSS / (Record no. 28085)

MARC details
000 -CABECERA
campo de control de longitud fija 00636nam a2200181 a 4500
005 - FECHA Y HORA DE LA ÚLTIMA TRANSACCIÓN
campo de control 20210223122025.0
008 - ELEMENTOS DE LONGITUD FIJA--INFORMACIÓN GENERAL
campo de control de longitud fija 991125s1977 ru 000 0 spa u
035 ## - NÚMERO DE CONTROL DEL SISTEMA
Número de control de sistema UPN01000028085
049 ## - COLECCIÓN
Colección CG
050 #4 - SIGNATURA TOPOGRÁFICA DE LA BIBLIOTECA DEL CONGRESO
Número de clasificación DK37
Número de documento/Ítem H578
245 00 - MENCIÓN DE TÍTULO
Título Historia de la URSS /
Mención de responsabilidad, etc. tr. del ruso por L. Vladov.
260 ## - PUBLICACIÓN, DISTRIBUCIÓN, ETC.
Lugar de publicación, distribución, etc. Moscú :
Nombre del editor, distribuidor, etc. Progreso,
Fecha de publicación, distribución, etc. 1977.
300 ## - DESCRIPCIÓN FÍSICA
Extensión 3 v. :
Otras características físicas fotos
505 8# - NOTA DE CONTENIDO CON FORMATO PREESTABLECIDO
Nota de contenido con formato Contenido:
Información miscelánea v.1.
Título Desde la antigüedad hasta la gran revolución socialista de Octubre --
Información miscelánea v.2. --
-- v.3.
Título Desde la gran guerra patria hasta nuestros días
500 ## - NOTA GENERAL
Nota general La biblioteca tiene los v.1 y 3
651 #4 - ASIENTO SECUNDARIO DE MATERIA - NOMBRE GEOGRAFICO
Nombre geográfico RUSIA -
Subdivisión general HISTORIA
9 (RLIN) 22982
905 ## - TIPO DE MATERIAL
Tipo de material Libro
Holdings
Estado de retiro Estado de pérdida Fuente del sistema de clasificación o colocación Estado dañado No para préstamo Código de colección Localización permanente Ubicación/localización actual Ubicación en estantería Enumeración/cronología de publicación seriada Total de préstamos Clasificación Código de barras Fecha visto por última vez Número de copia Tipo de ítem Koha
    Library of Congress Classification     Colección General Bib. Gregorio Torres Quintero Bib. Gregorio Torres Quintero Planta baja v.3 3 DK37 H578 114833 31/12/2020 1 Libro
    Library of Congress Classification     Colección General Bib. Gregorio Torres Quintero Bib. Gregorio Torres Quintero Planta baja v.1 5 DK37 H578 114832 31/12/2020 1 Libro